Промышленнаһы салгыы ѳрѳ кѳтѳҕѳр, техниканы сайы ннарар уонна производстваны тэрийиини тупсарар соруктар тустарынан (Запись № 11050928)

Подробности
000 -МАРКЕР
контрольное поле 01506nam0a2200241 4500
001 - ИДЕНТИФИКАТОР ЗАПИСИ
контрольное поле RU\NLR\BIBL_A\011316276
005 - ИДЕНТИФИКАТОР ВЕРСИИ
контрольное поле 20260407071656.0
035 ## - ДРУГИЕ СИСТЕМНЫЕ НОМЕРА
Идентификатор записи (NLR Aleph) 011316276
100 ## - ДАННЫЕ ОБЩЕЙ ОБРАБОТКИ
Данные общей обработки 20170126d1955 m y0rusy50 ca
101 0# - ЯЗЫК РЕСУРСА
Язык текста, звукозаписи и т.д. якутский
102 ## - СТРАНА ПУБЛИКАЦИИ ИЛИ ПРОИЗВОДСТВА
Страна публикации Российская Федерация
105 ## - ПОЛЕ КОДИРОВАННЫХ ДАННЫХ: ТЕКСТОВЫЕ МАТЕРИАЛЫ, МОНОГРАФИЧЕСКИЕ
Кодированные данные о монографическом текстовом документе y z 000 y
200 1# - ЗАГЛАВИЕ И СВЕДЕНИЯ ОБ ОТВЕТСТВЕННОСТИ
Основное заглавие Промышленнаһы салгыы ѳрѳ кѳтѳҕѳр, техниканы сайы ннарар уонна производстваны тэрийиини тупсарар соруктар тустарынан
Сведения, относящиеся к заглавию ССКП КК Пленума 1955 сыл от ыйын 11 күнүгэр таб. Н. А. Булганин дакылаатыгар ылыммыт уурааҕа
210 ## - ПУБЛИКАЦИЯ, РАСПРОСТРАНЕНИЕ И ДР.
Место издания, распространения и т.д. Якутскай
Имя издателя, распространителя и т. д. Саха сиринээҕи кинигэ изд-вота
Дата издания, распространения и т.д. 1955
215 ## - ФИЗИЧЕСКАЯ ХАРАКТЕРИСТИКА
Специфическое обозначение материала и объем 27,[2] с.
Размеры 20
541 1# - ПЕРЕВОД ЗАГЛАВИЯ, СДЕЛАННЫЙ КАТАЛОГИЗАТОРОМ
Заглавие О задачах по задачах по дальнейшему подъёму промышленноти, техничскому прогрессу и улучшению организации производства
Сведения, относящиеся к заглавию постановление Пленума ЦК КПСС, принятое 11 июля 1955 года по докладу тов. Н. А. Булганина
Язык заглавия русский
686 1# - ИНДЕКСЫ ДРУГИХ КЛАССИФИКАЦИЙ
Индекс Ф61(2)431
702 #1 - ИМЯ ЛИЦА - ВТОРИЧНАЯ ОТВЕТСТВЕННОСТЬ
Код отношения Библиографический предшественник
Графика поля Кириллица
Материалы, к которым относится поле rus
Начальный элемент ввода Булганин
Часть имени, кроме начального элемента ввода Н. А.
Даты 1895-1975
Расширение инициалов личного имени Николай Александрович
Идентификатор авторитетной/нормативной записи RU\NLR\AUTH\770288850
Системный номер авторитетной/нормативной записи 2693404
852 ## - МЕСТОНАХОЖДЕНИЕ И ШИФР ХРАНЕНИЯ
Идентификатор организации NLR
Наименование фонда или коллекции (Sub-Location Identifier) ОНЛ
Шифр хранения (Call Number) Якут./2-709
942 ## - ДОПОЛНИТЕЛЬНЫЕ ЭЛЕМЕНТЫ ЗАПИСИ (АБИС)
Тип экземпляра АБИС Книга
980 ## - КОЛЛЕКЦИЯ
Название коллекции Национальная библиография
Экземпляры
Тип экземпляра Дата поступления Библиотека постоянного хранения Библиотека текущего хранения Место хранения Шифр хранения Штрих-код Статус экземпляра
Книга 26.01.2017 РНБ (Московский) РНБ (Московский) Фонд национальных литератур ОНЛ Якут./2-709 1-2424202